000 00467nam a22001817a 4500
005 20231205125007.0
008 231205b |||||||| |||| 00| 0 eng d
020 _a0723409676
082 _a611.9
_bMCM
100 _aMcMinn, Robert. M. H.
245 _aMcMinn's functional & clinical anatomy:
_cMcMinn, R. M. H.
260 _aSpain
_bMosby
_c1995
300 _a362
500 _aIndex Given.
650 _aMedical
700 _aPenelope Gaddum-Rose
999 _c34765
_d34765